Flaggen nach Buchstaben - N - Statistiken

Allgemein
  • Dieses Quiz wurde 69 mal gespielt
    68 seit der letzten Aktualisierung
  • Das Durchschnittsergebnis liegt bei 11 aus 11
Antwortstatistiken
Bildquiz Antwort % Korrekt
Neuseeland
100%
Norwegen
100%
Nepal
98%
Nigeria
98%
Nordkorea
98%
Nordmazedonien
98%
Niederlande
97%
Niger
97%
Nicaragua
93%
Nauru
87%
Namibia
85%
Keine übereinstimmenden Quizze gefunden
Verteilung der Resultate
Anzahl Personen mit jedem Resultat
Perzentil nach korrekt beantworteten Fragen
Ihre Resultats-Entwicklung
Sie haben dieses Quiz seit der letzten Aktualisierung nicht gespielt